Sports Quiz

Random Sports or Football Quiz
Score 0/16 Timer 05:00
0 Plays Today
Year Enshrined Hall of Famer % Correct
1967Paul Brown
94.9%
1965Otto Graham
94.7%
1974Lou Groza
86.4%
1999Ozzie Newsome
84%
1971Jim Brown
77.9%
1968Marion Motley
64.5%
1983Paul Warfield
56.8%
1994Leroy Kelly
53.4%
Year Enshrined Hall of Famer % Correct
1975Dante Lavelli
46%
1977Bill Willis
45.3%
2007Gene Hickerson
40.9%
1983Bobby Mitchell
33.6%
1976Len Ford
31.9%
1984Mike McCormack
24.7%
1985Frank Gatski
20%
2003Joe DeLamielleure
18.7%
Remove Ads.
Support Sporcle.
Get the best of Sporcle when you Go Orange. This ad-free experience offers more features, more stats, and more fun while also helping to support Sporcle. Thank you for becoming a member.

You're not logged in!

Compare scores with friends on all Sporcle quizzes.
OR
Log In

Show Comments

Extras

Top Quizzes Today


Score Distribution

Your Account Isn't Verified!

In order to create a playlist on Sporcle, you need to verify the email address you used during registration. Go to your Sporcle Settings to finish the process.

Report this User

Report this user for behavior that violates our Community Guidelines.

Details: